LIBRARY & INFORMATION CENTRE, KCAET, TAVANUR

ONLINE PUBLIC ACCESS CATALOGUE (OPAC)

Motivation and personality (Record no. 288)

MARC details
000 -LEADER
fixed length control field 00344cam a2200157ua 4500
041 ## - LANGUAGE CODE
Language code of text/sound track or separate title eng
082 ## - DEWEY DECIMAL CLASSIFICATION NUMBER
Classification number 658.314
Item number MAS/MO
100 ## - MAIN ENTRY--AUTHOR NAME
Personal name Maslow, Abraham H .
245 ## - TITLE STATEMENT
Title Motivation and personality
250 ## - EDITION STATEMENT
Edition statement 3 /
260 ## - PUBLICATION, DISTRIBUTION, ETC. (IMPRINT)
Place of publication New York :
Name of publisher Longman ,
Year of publication 2000.
300 ## - PHYSICAL DESCRIPTION
Number of Pages 293 ; .
942 ## - ADDED ENTRY ELEMENTS (KOHA)
Koha item type Books
Holdings
Withdrawn status Lost status Damaged status Home library Current library Date acquired Full call number Accession Number Koha item type
      KAUAET KAUAET 07/04/2012 658.314 MAS/MO 20570 Books
free website counter